Flags of Countries that Start With A - Sudden Death - Statistics

General Stats
  • This quiz has been taken 1,478 times
  • The average score is 9 of 11
Answers on the Grid
Answers color-coded by a green-red scale on the quiz's grid according to % correct below.
 
Answer Stats
Answer % Correct
90%
86%
84%
81%
80%
78%
77%
77%
76%
75%
73%
No matching quizzes found
Score Distribution
Percent of People with Each Score
Percentile by Number Answered
Your Score History
You have not taken this quiz